Autour de la Coupe Davis de tennis - Statistiques

Statistiques générales
  • Ce quiz a été pris 25 fois
  • Le résultat moyen est 14 sur 30
Statistiques - réponses
Question Réponse % Correct
Depuis 2019, tous les matchs se jouent en 2 sets gagnants
100%
Son équivalent féminin est la coupe Jean King
100%
Combien de nations ont remporté la Coupe Davis depuis sa création ? 16
75%
La Coupe Davis se dispute depuis 1900
75%
Avant la 1ère Guerre mondiale, une équipe d'Australasie est présente, quels sont les pays la composant ? Australie et Nouvelle-Zélande
75%
Quelle affirmation est fausse ? Les victoires de la Tchécoslovaquie ont été intégrées au palmarès de la Slovaquie
75%
Quel continent a remporté le plus de victoires en Coupe Davis ? L'Europe
75%
En France, les dernières finales se sont disputées à Villeneuve-d'Ascq
75%
Parmi ces pays, lequel n'est pas dans le trio de tête des nations ayant remporté la Coupe Davis ? Espagne
50%
En finale, la France a depuis 1900, gagné 10 fois et perdu 9 fois
50%
Quels pays ont remporté la coupe sur toutes les surfaces, gazon, terre battue, moquette et dur ? la France et les Etats-Unis
50%
Quel pays a gagné sa seule finale jouée ? L'Afrique-du-Sud
50%
Le plus long match de la Coupe Davis est le double de 2013 qui a duré 7h 2 mn entre la Suisse et la Tchéquie
50%
Quel pays n'a pas perdu sa seule finale jouée ? Le Canada
50%
Quel pays n'a pas disputé 3 finales perdues ? Le Japon
50%
Deux pays se sont partagé les victoires entre 1937 et 1973, ce sont les Etats-Unis et l'Australie
50%
Trois joueurs ont leur nom inscrit sur la coupe sans avoir joué. Una nationalité n'est pas représentée laquelle ? Russe
50%
La compétition ne porte officiellement ce nom que depuis la mmort de son créateur en 1945
25%
A l'origine, la Coupe Davis est ouverte à peu de pays, combien ? 2
25%
Quelle composition d'équipe n'est pas possible ? 5 joueurs
25%
Le créateur de la compétition, joueur de tennis et politicien se prénommait... Dwight
25%
Avant 1972, le vainqueur de l'année précédente entrait dans la compétition... en finale
25%
L'ordre de fréquence de la surface utilisée en finale ( de la plus courante à la plus rare) est... gazon - terre battue - moquette - dur
25%
Depuis 1900, quel continent n'a jamais vu une de ses équipes gagner ? l'Asie
25%
Qu'est ce qui n'est pas inscrit sur la coupe ? le lieu de la finale
25%
Quel pays n'est pas parmi les 3 ayant le plus accueilli la finale ? le Royaume-Uni
25%
Quel match ne se déroule pas l'un des deux premiers jours de la compétition finale ?, n°1 de l'équipe X contre n°1 de l'équipe Y
25%
Depuis 2000, combien de pays participent chaque année à la coupe dAVIS , 125
0%
Quelle édition n'a pas été jouée ? 1910
0%
Où se sont disputées les finales ? 36 % en intérieur
0%
Aucun quiz correspondant
Distribution des résultats
% des personnes avec chaque résultat
Percentile par nombre de réponses
Votre historique - résultats
Vous n’avez pas pris ce quiz